000 00481nam a2200169Ia 4500
001 55560
008 121106n ii |||gr||||Z||||||465
082 _a892.7
245 0 _aTuhfatul Majahidun
_cShaikh Jainuddin bin Muhammad
_hTextual Documents
250 _aIst ed.
260 _aCalicut:
_bMaktabatul Huda.
300 _a100pg:
_c19cm.
653 _aIslamic Studies
653 _aDeptt- Islamic Studies
700 _aMuhammad, Shaikh Jainuddin bin.,
_eAuthor.
942 _2ddc
_cBK
999 _c55490
_d55490